000
00205 a2200097 4500
001
41511
100
_a
Khurshid
245
_a
The Qur,an
260
_a
London
_b
Islamic Foundation
_c
090
_c
25667
_d
25667
942
_a
NUST-CAE
_c
M
_c
17410
999
_c
276584
_d
276584